00513nam a2200157Ia 450000500170000000800410001704100080005808200160006610000330008224500290011526000480014430000090019265000200020199900190022195201150024020250729165752.0250729s2015 xx 000 0 und d akan a930.25 KARS aKarnataka Government9232529 aSamaja Vijnana _ 8th Std aBangalorebKarnataka Text Book Socityc2015 a258p aHistory9232530 c239828d239828 00104070aALbALd2025-07-29eManagement Bookl0o930.25 KARSpBED05147r2025-07-29 16:57:52w2025-07-29yBK